| 000 | 00507nmm a2200169Ia 4500 | ||
|---|---|---|---|
| 008 | 251105s9999||||xx |||||||||||||||||und|| | ||
| 020 | _a9562828425 | ||
| 041 | _aspa | ||
| 100 | _aValenzuela, José | ||
| 245 | 0 |
_aLibertad y Razón : _b Rousseau, Hegel, Marx |
|
| 264 |
_a[Santiago de Chile, Chile] : _bLOM Ediciones, _c2006 |
||
| 300 | _a202 páginas | ||
| 490 | _aCiencias Sociales y Humanas | ||
| 650 | _aPhilosophy, Ethics | ||
| 856 | _uhttps://public.digitaliapublishing.com/a/13070 | ||
| 942 | _cCF | ||
| 999 |
_c74366 _d74366 |
||